000 00291nam a22001217a 4500
020 _a0071195238
082 _a658.404
245 _aPROJECT MANAGEMENT THE MANAGERIAL PROCESS 2/E
260 _aNew York:
_bMcGraw-Hill;
_c2003.
300 _a572 p:,
_b26 cm.
500 _aHardcover.
942 _cBK
999 _c31669
_d31669